MDQL
is popping MORE tags! Check the
thread
!
Quizzes
Events
Quiz Creation
Community
Videos
Private Events
Remove Ads
Sign In
Join for FREE
Feedback
Dark Mode
Quiz Categories
Sports
Geography
Music
Movies
Television
Just For Fun
Miscellaneous
History
Literature
Language
Science
Gaming
Entertainment
Religion
Holiday
For Kids
Quiz Lab
Recent
Popular Today
Quiz Kudos Today
Editor Picks
Curator Picks
Quizzes by...
Day
Popularity
Type
Ratings
Length
Year
Community
Subscriptions
Recent Discussions
Orange Saloon
Badges
Playlists
Quests
Create
Leaderboards
Showdown
Live 5
Trivia Bingo
Activity
Puzzle Library
Sporcle Events
Private Events
Virtual Trivia
Globe League
Become a Host
Pub Owners
SporcleCon
Opinionation
Our Games
Videos
Blog
Mobile Apps
Partnerships
Remove Ads and Go Orange
Feedback
Television
TV Characters
TV Show
Sitcom
Network
Friends
Reality Shows
Cast
South Park
Star Trek
The Simpsons
Doctor Who
Television
TV Characters
TV Show
Sitcom
Network
Friends
Reality Shows
Cast
South Park
Star Trek
The Simpsons
Doctor Who
Random Quiz
Search Sporcle
×
Quiz Lab
Quiz Lab
Television
Friends
Type in answers that appear in a list
Type in answers that appear in a list
Classic
Best Score? Go Orange.
Trivia from the Friends Pilot Episode Stats
Can you name the Trivia from the Friends Pilot Episode?
By
jsax
10m
20 Questions
4,460 Plays
4,460 Plays
4,460 Plays
Comments
Comments
Give Quiz Kudos
Give Quiz Kudos
-
- Ratings
hide this ad
Replay
Link that replays current quiz
Next Quiz
Link to next quiz in quiz playlist
You Got
0%
They Got
Avg Score
62%
Avg Friend Score
Upgrade to see
Score Distribution
Jump to the score distribution portion of the page
Score
0/20
Timer
10:00
0
Plays Today
Question
Answer
% Correct
Who says the first line in the episode?
Monica
92.7%
What is Rachel wearing when she makes her first appearance?
Wedding dress
92.6%
Where does the first scene of the show take place?
Central Perk
91.2%
Who does Monica go on a date with?
Paul the Wine Guy
82.4%
What had Ross just found out?
His wife is a lesbian
78.9%
What is Ross's first line in the pilot?
Hi
78.4%
What does Rachel buy instead of finding a job?
Boots
76.6%
Rachel says: 'If I can make _
_
_
_
_
, there isn't anything I can't do.' What does she make?
Coffee
75.5%
What item belonging to Paul does Monica step on?
His Watch
69%
How long does Paul claim to have been unable to 'perform'?
2 years
64.7%
Question
Answer
% Correct
In Chandler's dream he looks down and what is 'there?'
a phone
64.2%
What food do Rachel and Ross reach for at the same time?
An Oreo
62.1%
Who does Rachel say Barry resembles?
Mr. Potato Head
60.5%
Fill in the blank from this Ross quote: 'I just grabbed a _
_
_
_
_
_
'
Spoon
56.1%
What is the first card that Rachel cuts?
A Library card
47.9%
Rachel is more turned on by what than by Barry?
A Gravy Boat
47.1%
What play do the friends make fun of Joey for being in?
Pinocchio
36.1%
What is Barry's last name in the first episode (it later changes to Farber)?
Finkle
26.5%
What is the first line in the pilot?
There's nothing to tell
21%
What singer/
actress does Chandler say he was in his dream at the end of the episode?
Liza Minnelli
20.4%
Quiz Playlist
Details
Report
Send in Message
Add To Playlist
Classic:
Type in answers that appear in a list
Last Updated: Feb 16, 2017
Quiz Scoreboard
CHALLENGE
Sign Up to Join the Scoreboard
Show All
Scores
Hide
Comments
May contain spoilers
Recently Published
Holiday 10x10 Sorting Gallery
by lukepisani3
Holiday
15m
Two Season TV Shows II
by 123Four
Television
10m
Image Sorting: Flags VI
by Barbecue
Geography
2m
More to Explore
Quiz From the Vault
Featured Blog Post
14 Easter Pick-up Lines to Find Eggs With
hide this ad
You Might Also Like...
Tags
Friends Quiz
episode
pilot
Today's Top Quizzes in Television
Browse Television
hide this ad
Today's Top Quizzes in Friends
Browse Friends
Top Contributed Quizzes in Television
1
Survivor Journey Challenge
2
Even More Two Season TV Shows
3
Adjectives in 00s TV Shows
4
Brooklyn Nine Nine Logic Puzzle (How-To-Play)
5
Adjectives in 10s TV Shows
6
Click the SpongeBob Episodes (Season 3)
7
Even More Three Season TV Shows
8
Survivor Logic Puzzle: Heroes vs. Villains
9
Total Drama Characters
10
Survivor Heroes vs. Villains Logic Puzzle
Explore More
Trending Topics
Kpop
Anime
Disney
Harry Potter
Marvel
Crossword
NBA
Country
Soccer
Song
Pokémon
The Office
Puzzle
WWE
NFL
hide this ad
More By:
jsax
Quiz
Plays
Rating
Category
Featured
Created
Trivia from the Friends Pilot Episode
4,460
3.77
Television
Feb 20, 2010
1980s Films By Picture
489
3.75
Movies
Dec 28, 2011
Lyrics to the Elephant Love Medley
281
4.50
Music
Mar 3, 2010
Orson Scott Card Books
78
3.50
Literature
Feb 10, 2010
Go to Creator's Profile
Score Distribution
Quiz Creator Spotlight
jsax
Follow
Send a Message
Quizzes Created
-
Created Quiz Play Count
-
More By This Creator
Popular Quizzes Today
1
Find the US States - No Outlines Minefield
2
Colored Red Africa Blitz
3
Find the 'City' Movie
4
The Countries of the World
5
5x2 Blitz: Bands
6
Find the Countries of Europe - No Outlines Minefield
7
Find the US States
8
US States
More Television Quizzes
Reveal An Emmy Comedy By The Slice
Editor's Pick
Trending Quizzes
Colored Red Europe Blitz I
Colored Red Europe Blitz II
Colored Red Africa Blitz II
Even More Two Season TV Shows
Colored Red Africa Blitz III
Recently Updated
Odd Team Out - Big 4 Players
pecheneg
Quick Pick: 20 Twenties
pecheneg
March Madness Men's Triple Doubles
pecheneg
How Do You Spell That?
pecheneg
Godzilla Movies
pecheneg
Grab Bag: 4-10 Letters
pecheneg
2024 March Madness Bracket
pecheneg
Famous TV Couples
Peacemaker
Champions League XIs: Real Madrid
pecheneg
Largest US Cities 1790-2010
pecheneg
Trending Topics
NBA
Kpop
Marvel
Anime
Disney
Harry Potter
Crossword
WWE
NFL
Puzzle
Soccer
Country
Song
The Office
Pokémon
Your Account Isn't Verified!
In order to create a playlist on Sporcle, you need to verify the email address you used during registration. Go to your
Sporcle Settings
to finish the process.
Report this User
Report this user for behavior that violates our
Community Guidelines
.
Details:
Send Report
Go to the Sporcle.com Mobile Site →
Comments